Building corporate identity in Slovak automotive industry - example of PSA Peugeot Citroen
Budovanie podnikovej identity v automobilovom priemysle na Slovensku. Príklad PSA Peugeot Citroen. Popis nástrojov a techník na budovanie podnikovej identity.
Guardado en:
| Autor principal: | |
|---|---|
| Formato: | Capítulo de libro |
| Lenguaje: | inglés |
| Materias: | |
| Etiquetas: |
Sin Etiquetas, Sea el primero en etiquetar este registro!
|
MARC
| LEADER | 00000nla a2200000 4500 | ||
|---|---|---|---|
| 001 | 0164107 | ||
| 005 | 20240502072846.6 | ||
| 041 | 0 | |a eng | |
| 044 | |a SK | ||
| 245 | 1 | 0 | |a Building corporate identity in Slovak automotive industry - example of PSA Peugeot Citroen |c Lenka Šimorová |
| 520 | |a Budovanie podnikovej identity v automobilovom priemysle na Slovensku. Príklad PSA Peugeot Citroen. Popis nástrojov a techník na budovanie podnikovej identity. | ||
| 610 | 2 | 0 | |a identita podniková |
| 610 | 2 | 0 | |a kultúra podniková |
| 610 | 2 | 0 | |a priemysel automobilový |
| 100 | 1 | |a Šimorová, Lenka | |